LA INGENIERIA DE ROCAS EN LAS OBRAS CIVILES Y MINERAS : (Registro nro. 49648)
[ vista simple ]
| 000 -LEADER | |
|---|---|
| fixed length control field | 00976nam a2200169 a 4500 |
| 001 - CONTROL NUMBER | |
| control field | 49648 |
| 005 - DATE AND TIME OF LATEST TRANSACTION | |
| control field | 20180714034424.0 |
| 008 - FIXED-LENGTH DATA ELEMENTS--GENERAL INFORMATION | |
| fixed length control field | 140415s1993 mx 000 0 spa d |
| 041 ## - LANGUAGE CODE | |
| Language code of text/sound track or separate title | spa |
| 082 ## - DEWEY DECIMAL CLASSIFICATION NUMBER | |
| Classification number | 624.1832 |
| Item number | ING |
| 245 03 - TITLE STATEMENT | |
| Title | LA INGENIERIA DE ROCAS EN LAS OBRAS CIVILES Y MINERAS : |
| Remainder of title | IV REUNION NACIONAL |
| 250 ## - EDITION STATEMENT | |
| Edition statement | 1a ed. |
| 260 ## - PUBLICATION, DISTRIBUTION, ETC. | |
| Place of publication, distribution, etc. | MEXICO : |
| Name of publisher, distributor, etc. | SOCIEDAD MEXICANA DE MECANICA DE ROCAS, |
| Date of publication, distribution, etc. | 1993 |
| 300 ## - PHYSICAL DESCRIPTION | |
| Extent | 490 |
| Dimensions | 21.5 x 3.9 x 27.6 |
| 520 ## - SUMMARY, ETC. | |
| Summary, etc. | LAS VALIOSAS CONTRIBUCIONES RECIBIDAS CON MOTIVO DE ESTA IV REUNION, PERMITIRAN A LOS INGENIEROS DE MINAS, A LOS INGENIEROS GEOLOGOS, A LOS GEOLOGOS INGENIERILES, A LOS INGENIEROS CONSTRUCTORES, A LOS INGENIEROS GEOFISICOS Y A TODOS LOS INTERESADOS EN EL TEMA, COMPARTIR LAS EXPERIENCIAS DE LOS AUTORES, PARA ALCANZAR ESCALONADAMENTE BENEFICIOS SIGNIFICATIVOS EN LAS NUEVAS APLICACIONES DE LA INGENIERIA DE ROCAS. |
| 650 14 - SUBJECT ADDED ENTRY--TOPICAL TERM | |
| Topical term or geographic name entry element | INGENIERIA CIVIL |
| General subdivision | MATERIALES DE CONSTRUCCION |
| -- | PIEDRAS DE CONSTRUCCION |
| -- | ROCAS |
| Withdrawn status | Lost status | Source of classification or shelving scheme | Damaged status | Not for loan | Collection code | Home library | Current library | Shelving location | Date acquired | Source of acquisition | Inventory number | Total Checkouts | Full call number | Barcode | Date last seen | Price effective from | Koha item type |
|---|---|---|---|---|---|---|---|---|---|---|---|---|---|---|---|---|---|
| Dewey Decimal Classification | General | Biblioteca Karol Wojtyla | Biblioteca Karol Wojtyla | Sala general | 03/12/2013 | Compra | 151000000000000000003961 | 624.1832 ING | 74169 | 05/01/2026 | 03/12/2013 | Libro |